| 000 | 00682cam a2200169 i 4500 | ||
|---|---|---|---|
| 020 | _a0309028116 | ||
| 082 | 0 | 0 |
_a625.8 _a625.8 _bNAT |
| 110 | 2 |
_aNational Research Council (U.S.). _920017 |
|
| 245 | 1 | 0 |
_aAnalysis of pavement systems / _cTransportation Research Board, Commission on Sociotechnical systems, National Research Council. |
| 260 |
_aWashington : _bNational Academy of Sciences, _c1978. |
||
| 300 |
_aiv, 98 p. : _bill. ; _c28 cm. |
||
| 500 | _aFourteen reports prepared for the 57th annual meeting of the Transportation Research Board. | ||
| 526 |
_a0 _b0 _c0 _d625_800000000000000_NAT |
||
| 650 | 0 |
_aMCE _9379 |
|
| 650 | 0 |
_aPavements _xCongresses. _921178 |
|
| 942 |
_2ddc _cBK |
||
| 999 |
_c547615 _d547615 |
||